1222 1554 1452 1393 1706 1508 1103 1508 1101 1087 1026 1821 1085 1520 1245 1008 1930 1860 1791 1087 1775 1450 1836 1645 1245 1212 1643 1186 1930 1020 1606 1642 1591 1917 1756 1879 1599 1409 1287 1372 1787 1805 1616 1158 1698 1721 1207 1840 1865 1180 1760 1151 1387 1793 1614 1206 1749 1830 1001 1911 1165 1002 1995 1170 1598 1480 1409 1716 1191 1470 1674 1205 1687 1789 1022 1387 1331 1560 1232 1185 1080 1188 1296 1285 1413 1293 1431 1511 1533 1806 2000 1743 1583 1657 1033 1646 1506 1604 1739 BCNSPRNW ULIB Ver.6.0+V

เปลี่ยนเป็นภาษาไทย

Change to English
 แสดงรายละเอียดบรรณานุกรม
  กลับหน้าหลัก

Brief Record : Get Marc (ISO 2709) : E-mail record : QR code < ปิดหน้าต่าง
LEADER : 00000nam 2200000uu 4500
001    13399111692
003     ULIB
008    110706s2554||||th 000 0 tha d
020    9786165082327
090    นว.^bอ772ต
100 0  อีริน ยอร์ก
245 00  ตราบสิ้นกาลนิรันดร์/^cอีริน ยอร์ก, เขียน แปลโดย บุญญรัตน์
260    กรุงเทพฯ :^bแสงดาว,^c2554
300    414 หน้า
710     บุญญรัตน์, ผู้แปล
945    ^p300^l0^i18285
995     เกษร
999    ^aใช้งานได้ทุกระบบ
รายการนี้ยังไม่มีแท็ก
คุณยังไม่ได้ล็อกอิน คุณสามารถมีกิจกรรมร่วมกับเว็บไซต์ได้ แต่ต้องล็อกอินก่อน ::
  ล็อกอิน

รายการสื่อสารสนเทศ

ลำดับที่ ประเภท เลขเรียก/บาร์โค้ด สถานที่ สถานะ
1. วิทยาศาสตร์การแพทย์ และสุขภาพ
วิทยาศาสตร์การแพทย์ และสุขภาพ
นว. อ772ต  
  Barcode: 18285
ห้องสมุดวิทยาเขตสวรรค์ประชารักษ์
►นวนิยาย
บนชั้น
  ขอยืม

BibComment


ยังไม่เคยถูกคอมเมนท์

คอมเมนท์ทรัพยากรรายการนี้
  คอมเมนท์: ตราบสิ้นกาลนิรัน..


 Copyright 2026. Bcnsprnw @Library